Slovar Russkogo Jazyk. T3

Gardado en:
Detalles Bibliográficos
Formato: Libro
Idioma:Undetermined
Publicado: Moscow Russkii Jazyk 1984
Những chủ đề:
Các nhãn: Engadir etiqueta
Sen Etiquetas, Sexa o primeiro en etiquetar este rexistro!
Thư viện lưu trữ: Trung tâm Học liệu Trường Đại học Cần Thơ
LEADER 00426nam a2200157Ia 4500
001 CTU_26131
008 210402s9999 xx 000 0 und d
082 |a 491.7003 
082 |b A313/T3 
245 0 |a Slovar Russkogo Jazyk. T3 
260 |a Moscow 
260 |b Russkii Jazyk 
260 |c 1984 
650 |a russian language - dictionaries 
904 |i Minh, 981008 
980 |a Trung tâm Học liệu Trường Đại học Cần Thơ